000
00287nam a22001097a 4500
008
170124b xxu||||| |||| 00| 0 eng d
020
_a
0910701334
041
_a
eng
080
_2
2nd
_a
618.2
245
_a
THE LAW OF HOSPITAL AND HEALTH CARE ADMINISTRATION
_c
SOUTHWICK, A.F
942
_2
udc
_c
BK
999
_c
3541
_d
3541